[Event "GRE-chT 44th"]
[Site "Achaia"]
[Date "2016.07.05"]
[Round "1.8"]
[White "Hidzos, Georgios"]
[Black "Koutroukis, Andreas"]
[Result "1-0"]
[WhiteElo "1906"]
[BlackElo "1936"]
[PlyCount "63"]
[EventDate "2016.07.05"]
[EventType "team-swiss"]
[EventRounds "7"]
[EventCountry "GRE"]
[SourceTitle "CBM 173 Extra"]
[Source "ChessBase"]
[SourceDate "2016.08.29"]
[SourceVersion "1"]
[SourceVersionDate "2016.08.29"]
[SourceQuality "1"]
[WhiteTeam "Naples Sykeon"]
[BlackTeam "Oreokastrou Marion"]
[WhiteTeamCountry "GRE"]
[BlackTeamCountry "GRE"]

1. e4 c5 2. Nf3 d6 3. d4 cxd4 4. Nxd4 Nf6 5. Nc3 g6 6. Be3 Bg7 7. f3 0-0 8. Qd2 Nc6 9. Bc4 Bd7 10. h4 Rc8 11. Bb3 Ne5 12. 0-0-0 Nc4 13. Bxc4 Rxc4 14. h5 Nxh5 15. g4 Nf6 16. Nb3 Bc6 17. Kb1 Re8 18. Qh2 Qc7 19. Ne2 Bxe4 20. fxe4 Rxe4 21. Bd4 e5 22. Bc3 Rxg4 23. Nec1 h5 24. Nd3 Ne4 25. Be1 Bh6 26. Qe2 a5 27. Bxa5 b6 28. Be1 Ng3 29. Bxg3 Rxg3 30. Nb4 Re3 31. Qg2 Bg7 32. Nd5 1-0

[Event "GRE-chT 41st"]
[Site "Achaia"]
[Date "2013.07.03"]
[Round "2.4"]
[White "Koutroukis, Andreas"]
[Black "Konstantinidis, Konstantinos"]
[Result "1-0"]
[WhiteElo "1922"]
[BlackElo "1927"]
[PlyCount "65"]
[EventDate "2013.07.02"]
[EventType "team-swiss"]
[EventRounds "7"]
[EventCountry "GRE"]
[SourceTitle "CBM 155 Extra"]
[Source "ChessBase"]
[SourceDate "2013.08.26"]
[SourceVersion "1"]
[SourceVersionDate "2013.08.26"]
[SourceQuality "1"]
[WhiteTeam "Marion Thunder Oreokastrou"]
[BlackTeam "Triandrias PG"]
[WhiteTeamCountry "GRE"]
[BlackTeamCountry "GRE"]

1. e4 d6 2. d4 Nf6 3. Nc3 g6 4. f3 c6 5. Be3 b5 6. Qd2 Nbd7 7. 0-0-0 Nb6 8. h4 h5 9. Nh3 Bxh3 10. Rxh3 a6 11. Bd3 Qc7 12. Kb1 0-0-0 13. Qf2 Bh6 14. Bxh6 Rxh6 15. Rhh1 e5 16. dxe5 dxe5 17. a4 Rd7 18. axb5 axb5 19. Bxb5 cxb5 20. Nxb5 Qc6 21. Rxd7 Kxd7 22. Rd1+ Ke7 23. Rd6 Qxb5 24. Rxb6 Qc4 25. Qd2 Nd7 26. Qd6+ Ke8 27. Rc6 g5 28. Qxh6 Qf1+ 29. Ka2 Qf2 30. Qd6 Qa7+ 31. Ra6 Qb7 32. c3 gxh4 33. Qc6 1-0

[Event "GRE-ch U16"]
[Site "Kallithea"]
[Date "2010.07.02"]
[Round "9"]
[White "Sourgkounis, Angelos"]
[Black "Koutroukis, Andreas"]
[Result "1-0"]
[WhiteElo "1898"]
[BlackElo "1889"]
[PlyCount "67"]
[EventDate "2010.06.26"]
[EventType "swiss"]
[EventRounds "9"]
[EventCountry "GRE"]
[SourceTitle "CBM 137 Extra"]
[Source "ChessBase"]
[SourceDate "2010.09.01"]
[SourceVersion "1"]
[SourceVersionDate "2010.09.01"]
[SourceQuality "1"]

1. d4 Nf6 2. c4 g6 3. Nf3 Bg7 4. Nc3 0-0 5. Bg5 d6 6. e3 b6 7. Be2 Bb7 8. 0-0 Nbd7 9. Rc1 c5 10. a3 Rc8 11. d5 Ne8 12. Ne1 h6 13. Bh4 f5 14. f4 Nef6 15. h3 Qe8 16. Bf3 Ba8 17. Qd3 Nh7 18. g4 e5 19. dxe6 Qxe6 20. gxf5 gxf5 21. Nd5 Ndf6 22. Qxf5 Qxf5 23. Ne7+ Kh8 24. Nxf5 Bxf3 25. Nxf3 Rcd8 26. Rcd1 Rd7 27. Rxd6 Rxd6 28. Nxd6 Kg8 29. Nf5 Re8 30. Ne5 Ne4 31. Nxg7 Kxg7 32. Rd1 Nhf6 33. Bxf6+ Nxf6 34. Kf2 1-0

[Event "GRE-ch U16"]
[Site "Kallithea"]
[Date "2010.06.30"]
[Round "7"]
[White "Metaxas, Efstathios"]
[Black "Koutroukis, Andreas"]
[Result "1-0"]
[WhiteElo "1818"]
[BlackElo "1889"]
[PlyCount "57"]
[EventDate "2010.06.26"]
[EventType "swiss"]
[EventRounds "9"]
[EventCountry "GRE"]
[SourceTitle "CBM 137 Extra"]
[Source "ChessBase"]
[SourceDate "2010.09.01"]
[SourceVersion "1"]
[SourceVersionDate "2010.09.01"]
[SourceQuality "1"]

1. e4 c5 2. b3 Nf6 3. e5 Nd5 4. Nf3 Nc6 5. g3 e6 6. Bb2 Be7 7. c4 Nb6 8. Bg2 0-0 9. 0-0 d6 10. exd6 Qxd6 11. Re1 Nd7 12. Nc3 f5 13. d4 Nxd4 14. Nxd4 cxd4 15. Nb5 Qb6 16. Bxd4 Bc5 17. b4 Bxd4 18. Qxd4 Qxd4 19. Nxd4 e5 20. Ne6 Rf6 21. Bd5 Kh8 22. Rad1 e4 23. Nc7 Rb8 24. Be6 Rxe6 25. Nxe6 h6 26. Nc5 Nf6 27. Rd8+ Kh7 28. Red1 a6 29. Rf8 1-0

[Event "GRE-ch U16"]
[Site "Kallithea"]
[Date "2010.06.27"]
[Round "3"]
[White "Koutroukis, Andreas"]
[Black "Gouliaros Antoniadis, Alexandros"]
[Result "1-0"]
[WhiteElo "1889"]
[BlackElo "1883"]
[PlyCount "87"]
[EventDate "2010.06.26"]
[EventType "swiss"]
[EventRounds "9"]
[EventCountry "GRE"]
[SourceTitle "CBM 137 Extra"]
[Source "ChessBase"]
[SourceDate "2010.09.01"]
[SourceVersion "1"]
[SourceVersionDate "2010.09.01"]
[SourceQuality "1"]

1. e4 c5 2. Nf3 e6 3. d4 cxd4 4. Nxd4 Nc6 5. Nc3 Qc7 6. Be3 a6 7. Qd2 Nf6 8. 0-0-0 Bb4 9. f3 0-0 10. g4 b5 11. g5 Ne8 12. a3 Be7 13. h4 b4 14. axb4 Bxb4 15. h5 Ne5 16. Be2 Bb7 17. Rdg1 Nd6 18. g6 Nb5 19. gxh7+ Kxh7 20. Bxb5 axb5 21. Qg2 Ra1+ 22. Kd2 Rxg1 23. Rxg1 Nc4+ 24. Ke2 Rg8 25. Ncxb5 Qe5 26. b3 Nxe3 27. Kxe3 Bc5 28. f4 Qf6 29. Qg3 d6 30. e5 dxe5 31. fxe5 Qh6+ 32. Qg5 Bc6 33. Qxh6+ Kxh6 34. Nd6 f6 35. Nf7+ Kxh5 36. exf6 g5 37. Ne5 Bb7 38. c3 g4 39. f7 Rg5 40. Nd7 e5 41. Nxc5 exd4+ 42. Kxd4 Rf5 43. Nxb7 Rxf7 44. Nd6 1-0

[Event "GRE-ch U16"]
[Site "Kallithea"]
[Date "2010.06.27"]
[Round "2"]
[White "Triantafillis, Evaggelos"]
[Black "Koutroukis, Andreas"]
[Result "0-1"]
[WhiteElo "1635"]
[BlackElo "1889"]
[PlyCount "60"]
[EventDate "2010.06.26"]
[EventType "swiss"]
[EventRounds "9"]
[EventCountry "GRE"]
[SourceTitle "CBM 137 Extra"]
[Source "ChessBase"]
[SourceDate "2010.09.01"]
[SourceVersion "1"]
[SourceVersionDate "2010.09.01"]
[SourceQuality "1"]

1. e4 c5 2. Nf3 Nc6 3. d4 cxd4 4. Nxd4 g6 5. Nc3 Bg7 6. Be3 Nf6 7. f3 0-0 8. Qd2 d6 9. Bc4 Bd7 10. 0-0-0 Rb8 11. g4 Na5 12. Bb3 b5 13. h4 h5 14. gxh5 Nxh5 15. Bh6 Nc4 16. Qg5 Bf6 17. Qg2 Re8 18. Bg5 Bg7 19. Qf2 a5 20. Bxc4 bxc4 21. Nde2 a4 22. a3 Qc7 23. Kb1 Qb7 24. Bc1 Nf4 25. Nd4 Ne6 26. Nde2 Nc7 27. Ka2 Nb5 28. h5 Nxc3+ 29. Nxc3 Bxc3 30. bxc3 Qb1# 0-1

[Event "Thessaloniki op"]
[Site "Thessaloniki"]
[Date "2010.04.06"]
[Round "2"]
[White "Koutroukis, Andreas"]
[Black "Vocaturo, Daniele"]
[Result "0-1"]
[WhiteElo "1889"]
[BlackElo "2489"]
[PlyCount "78"]
[EventDate "2010.04.04"]
[EventType "swiss"]
[EventRounds "9"]
[EventCountry "GRE"]
[SourceTitle "CBM 135 Extra"]
[Source "ChessBase"]
[SourceDate "2010.05.04"]
[SourceVersion "1"]
[SourceVersionDate "2010.05.04"]
[SourceQuality "1"]

1. e4 e5 2. Bc4 Nc6 3. Nf3 d6 4. c3 g6 5. 0-0 Bg7 6. d3 Nf6 7. Nbd2 0-0 8. Bb3 Qe7 9. Re1 Bd7 10. Nc4 Rae8 11. Bg5 h6 12. Bxf6 Qxf6 13. Ne3 Qd8 14. Qd2 Kh8 15. Bc2 f5 16. Nd5 f4 17. d4 Bg4 18. Bd1 Bxf3 19. Bxf3 exd4 20. Rad1 dxc3 21. Nxc3 Ne5 22. Qe2 Qd7 23. Rc1 c6 24. Qd1 h5 25. h3 Re6 26. Rc2 Qe7 27. Rd2 Nc4 28. Rde2 Bxc3 29. bxc3 Ne5 30. Rd2 Kg7 31. Kh1 Kh6 32. Rg1 Rff6 33. Be2 Qf8 34. g4 fxg3 35. fxg3 Rf2 36. Rg2 Ref6 37. Rxf2 Rxf2 38. Kg1 h4 39. gxh4 Qf4 0-1

[Event "Athens Acropolis op-B 24th"]
[Site "Chalkida"]
[Date "2009.08.17"]
[Round "8"]
[White "Koutroukis, Andreas"]
[Black "Rizos, Georgios"]
[Result "0-1"]
[WhiteElo "1841"]
[BlackElo "2163"]
[PlyCount "62"]
[EventDate "2009.08.10"]
[EventType "swiss"]
[EventRounds "9"]
[EventCountry "GRE"]
[SourceTitle "CBM 132 Extra"]
[Source "ChessBase"]
[SourceDate "2009.11.03"]
[SourceVersion "1"]
[SourceVersionDate "2009.11.03"]
[SourceQuality "1"]

1. d4 Nf6 2. c4 g6 3. Nc3 Bg7 4. e4 d6 5. Nf3 0-0 6. Be2 e5 7. 0-0 Nc6 8. d5 Ne7 9. Ne1 Nd7 10. Be3 f5 11. f3 f4 12. Bf2 g5 13. Rc1 Rf6 14. c5 Nxc5 15. b4 Na6 16. Nb5 Rf7 17. Nxa7 Bd7 18. Bxa6 bxa6 19. Qc2 Nc8 20. Nc6 Qf6 21. a4 h5 22. b5 axb5 23. axb5 g4 24. b6 cxb6 25. Qb2 Bh6 26. Kh1 Rg7 27. Nd3 Qg5 28. Ne1 g3 29. Bg1 gxh2 30. Bf2 h4 31. Ra1 h3 0-1

[Event "Athens Acropolis op-B 24th"]
[Site "Chalkida"]
[Date "2009.08.16"]
[Round "7"]
[White "Vazelakis, Dimitrios"]
[Black "Koutroukis, Andreas"]
[Result "1/2-1/2"]
[WhiteElo "2028"]
[BlackElo "1841"]
[PlyCount "70"]
[EventDate "2009.08.10"]
[EventType "swiss"]
[EventRounds "9"]
[EventCountry "GRE"]
[SourceTitle "CBM 132 Extra"]
[Source "ChessBase"]
[SourceDate "2009.11.03"]
[SourceVersion "1"]
[SourceVersionDate "2009.11.03"]
[SourceQuality "1"]

1. c4 Nf6 2. Nc3 g6 3. g3 Bg7 4. Bg2 0-0 5. d3 d6 6. e4 c5 7. Nge2 Nc6 8. h3 Ne8 9. 0-0 Nc7 10. Rb1 Rb8 11. Be3 Bd7 12. d4 cxd4 13. Nxd4 a6 14. Nxc6 Bxc6 15. Bb6 Qd7 16. Nd5 Bxd5 17. cxd5 Na8 18. Bd4 Bxd4 19. Qxd4 b5 20. Rbc1 Rfc8 21. Qe3 Rb7 22. Rc6 Rxc6 23. dxc6 Qxc6 24. e5 d5 25. Rc1 Qd7 26. Bxd5 Qxd5 27. Rc8+ Kg7 28. Rxa8 Rc7 29. Rxa6 Qd1+ 30. Kg2 Rc1 31. g4 Qg1+ 32. Kf3 Re1 33. Qc3 Qh1+ 34. Kg3 Qg1+ 35. Kf3 Qh1+ 1/2-1/2

[Event "GRE-chT 37th"]
[Site "Kallithea"]
[Date "2009.07.05"]
[Round "2"]
[White "Koutroukis, Andreas"]
[Black "Sandalakis, Nikolaos"]
[Result "0-1"]
[WhiteElo "1841"]
[BlackElo "1892"]
[PlyCount "98"]
[EventDate "2009.07.03"]
[EventType "team-tourn"]
[EventRounds "9"]
[EventCountry "GRE"]
[SourceTitle "CBM 131 Extra"]
[Source "ChessBase"]
[SourceDate "2009.09.03"]
[SourceVersion "2"]
[SourceVersionDate "2009.09.16"]
[SourceQuality "1"]

1. e4 e5 2. Bc4 Nf6 3. d3 Bc5 4. Nf3 d6 5. c3 c6 6. Bb3 0-0 7. 0-0 Nbd7 8. d4 Bb6 9. Re1 Re8 10. Nbd2 h6 11. Qc2 Nf8 12. h3 Ng6 13. dxe5 dxe5 14. Nc4 Bc7 15. a4 a5 16. Be3 Nh5 17. Red1 Qf6 18. Qe2 Nhf4 19. Bxf4 Nxf4 20. Qe3 Qg6 21. Nh4 Qg5 22. g3 Nxh3+ 23. Kh2 Be6 24. Nd2 Qxe3 25. fxe3 Nf2 26. Re1 Bxb3 27. Nxb3 Nxe4 28. Rad1 Rad8 29. Kg2 g6 30. Kf3 Ng5+ 31. Kf2 b6 32. Nf3 Nxf3 33. Kxf3 f5 34. e4 Rxd1 35. Rxd1 Rd8 36. Rxd8+ Bxd8 37. Nd2 Kf7 38. b4 Ke6 39. bxa5 bxa5 40. c4 Be7 41. Nb3 Bb4 42. Nc1 Be1 43. Nb3 Kd6 44. c5+ Ke6 45. g4 Bb4 46. gxf5+ gxf5 47. Ke3 fxe4 48. Kxe4 h5 49. Kf3 Kd5 0-1

[Event "GRE-ch U16"]
[Site "Kallithea"]
[Date "2009.06.29"]
[Round "7"]
[White "Koutroukis, Andreas"]
[Black "Boutsioukis, Nikolaos"]
[Result "0-1"]
[WhiteElo "1853"]
[BlackElo "1918"]
[PlyCount "86"]
[EventDate "2009.06.25"]
[EventType "swiss"]
[EventRounds "9"]
[EventCountry "GRE"]
[SourceTitle "EXT 2011"]
[Source "ChessBase"]
[SourceDate "2010.11.26"]
[SourceVersion "1"]
[SourceVersionDate "2010.11.26"]
[SourceQuality "1"]

1. e4 c5 2. Nf3 Nc6 3. d4 cxd4 4. Nxd4 g6 5. c4 Bg7 6. Be3 Nf6 7. Nc3 Ng4 8. Qxg4 Nxd4 9. Qd1 Ne6 10. Be2 Qa5 11. Qd2 b6 12. 0-0 Bb7 13. f3 g5 14. Rfd1 d6 15. a3 Bxc3 16. bxc3 Rc8 17. Ra2 Ba6 18. Rc2 Bxc4 19. Bxc4 Rxc4 20. Qd5 Qxd5 21. exd5 Nc5 22. Bxg5 Kd7 23. Rd4 b5 24. Rb2 Rxc3 25. Rxb5 Rxa3 26. Rdb4 Rc8 27. Rh4 Rg8 28. f4 Rg7 29. Rh6 f6 30. Bxf6 exf6 31. g3 Rf7 32. Kg2 a6 33. Rb8 Rd3 34. Rh8 Rxd5 35. R6xh7 Rxh7 36. Rxh7+ Ke6 37. h4 Rd2+ 38. Kf3 Rd3+ 39. Kg2 Ne4 40. Rg7 Rxg3+ 41. Rxg3 Nxg3 42. Kxg3 a5 43. h5 a4 0-1

[Event "GRE-ch U16"]
[Site "Kallithea"]
[Date "2009.06.26"]
[Round "3"]
[White "Koutroukis, Andreas"]
[Black "Abatzis, Antonios"]
[Result "1/2-1/2"]
[WhiteElo "1853"]
[BlackElo "1734"]
[PlyCount "70"]
[EventDate "2009.06.25"]
[EventType "swiss"]
[EventRounds "9"]
[EventCountry "GRE"]
[SourceTitle "EXT 2011"]
[Source "ChessBase"]
[SourceDate "2010.11.26"]
[SourceVersion "1"]
[SourceVersionDate "2010.11.26"]
[SourceQuality "1"]

1. e4 c6 2. d4 d5 3. exd5 cxd5 4. c4 Nf6 5. Nc3 Nc6 6. Bg5 e6 7. Nf3 Be7 8. c5 0-0 9. Bd3 b6 10. Bb5 Bb7 11. Bxc6 Bxc6 12. Ne5 Rc8 13. b4 bxc5 14. bxc5 Qa5 15. Bd2 Qa6 16. Qe2 Bb7 17. f3 Rfd8 18. Kf2 Nd7 19. Nxd7 Rxd7 20. Qxa6 Bxa6 21. f4 Bd3 22. Ke3 Bg6 23. Rac1 Rb7 24. Na4 Rc6 25. Nc3 Bf6 26. Rhd1 Be7 27. a4 h6 28. a5 Rb3 29. Ra1 e5 30. fxe5 Bg5+ 31. Ke2 Bh5+ 32. Kd3 Bxd1 33. Rxd1 Bxd2 34. Rxd2 Kf8 35. Ra2 Ke8 1/2-1/2

[Event "Sofia CSKA-Thessaloniki U14"]
[Site "Sofia"]
[Date "2009.04.25"]
[Round "7"]
[White "Koutroukis, Andreas"]
[Black "Nikolov, Rumen"]
[Result "0-1"]
[WhiteElo "1853"]
[BlackElo "1816"]
[PlyCount "84"]
[EventDate "2009.04.21"]
[EventType "schev"]
[EventRounds "7"]
[EventCountry "BUL"]
[SourceTitle "EXT 2012"]
[Source "ChessBase"]
[SourceDate "2011.11.24"]
[SourceVersion "1"]
[SourceVersionDate "2011.11.24"]
[SourceQuality "1"]

1. e4 e5 2. Bc4 Nc6 3. Nf3 f5 4. d3 Nf6 5. 0-0 h6 6. Re1 f4 7. d4 d6 8. Bb5 Bg4 9. dxe5 Bxf3 10. Qxf3 dxe5 11. Nc3 Bd6 12. Bxc6+ bxc6 13. Bxf4 exf4 14. e5 0-0 15. exd6 Qxd6 16. Rad1 Qb4 17. Qxc6 Qxb2 18. Qc4+ Kh8 19. Nd5 Nxd5 20. Rxd5 Rae8 21. Red1 f3 22. g3 Qb6 23. Qd4 Qe6 24. Qd3 Qh3 25. Qf1 Qg4 26. Re1 Rxe1 27. Qxe1 Qc4 28. Re5 Qxc2 29. Re8 Rxe8 30. Qxe8+ Kh7 31. Qe1 c5 32. h4 Qd3 33. Kh2 c4 34. Kh3 c3 35. Qc1 c2 36. Kh2 Qe2 37. Qf4 Qxf2+ 38. Kh3 Qc5 39. Qe4+ Kg8 40. Qe8+ Qf8 41. Qe6+ Kh8 42. Qc4 f2 0-1

[Event "GRE-chT U16"]
[Site "Chalkida"]
[Date "2008.10.12"]
[Round "3.4"]
[White "Koutroukis, Andreas"]
[Black "Ragios, Konstantinos"]
[Result "1-0"]
[WhiteElo "1814"]
[BlackElo "1592"]
[PlyCount "153"]
[EventDate "2008.10.11"]
[EventType "team-swiss"]
[EventRounds "5"]
[EventCountry "GRE"]
[SourceTitle "EXT 2011"]
[Source "ChessBase"]
[SourceDate "2010.11.26"]
[SourceVersion "1"]
[SourceVersionDate "2010.11.26"]
[SourceQuality "1"]

1. d4 d5 2. c4 e6 3. cxd5 exd5 4. Nc3 Nf6 5. Bg5 Be7 6. Nf3 h6 7. Bh4 0-0 8. e3 Bg4 9. Bd3 Nbd7 10. 0-0 c6 11. Qc2 Bxf3 12. gxf3 Rc8 13. Kh1 Re8 14. Rg1 Nh5 15. Bxe7 Qxe7 16. Rg2 Kh8 17. Rag1 Qf6 18. Bf5 Rcd8 19. Bg4 Qh4 20. Bxh5 Qxh5 21. Rxg7 Qxf3+ 22. R1g2 Nf6 23. Qe2 Qxe2 24. Nxe2 Rf8 25. Nf4 Ne4 26. R7g4 Rg8 27. Nd3 Kh7 28. Rf4 Rxg2 29. Kxg2 Rg8+ 30. Kf3 Ng5+ 31. Ke2 Rg7 32. Ne5 Kg8 33. Rf6 h5 34. h4 Ne4 35. Rf5 Rh7 36. Nd7 Rh6 37. Nc5 Nxc5 38. dxc5 f6 39. Rf4 b6 40. Rb4 b5 41. a4 a5 42. Rd4 b4 43. e4 Rh7 44. exd5 Rd7 45. d6 Kf7 46. Re4 f5 47. Re3 Kf6 48. Kf3 Rg7 49. Re8 Ra7 50. Ke3 Kf7 51. Rc8 Ke6 52. Rxc6 Kd7 53. Rc7+ Rxc7 54. dxc7 Kxc7 55. Kf4 Kc6 56. Kxf5 Kxc5 57. Kg6 Kc4 58. f4 Kb3 59. f5 Kxb2 60. f6 b3 61. f7 Ka2 62. f8Q b2 63. Qf7+ Ka1 64. Qf1+ b1Q+ 65. Qxb1+ Kxb1 66. Kxh5 Kb2 67. Kg6 Kb3 68. h5 Kxa4 69. h6 Kb3 70. h7 a4 71. h8Q a3 72. Qa1 a2 73. Kf5 Ka3 74. Ke4 Kb3 75. Kd3 Kb4 76. Qxa2 Kc5 77. Qa4 1-0

[Event "GRE-ch U14"]
[Site "Kallithea"]
[Date "2008.06.30"]
[Round "4"]
[White "Koutroukis, Andreas"]
[Black "Skoulakis, Charalambos"]
[Result "0-1"]
[WhiteElo "1764"]
[BlackElo "1977"]
[PlyCount "60"]
[EventDate "2008.06.28"]
[EventType "swiss"]
[EventRounds "9"]
[EventCountry "GRE"]
[SourceTitle "EXT 2010"]
[Source "ChessBase"]
[SourceDate "2010.11.25"]
[SourceVersion "1"]
[SourceVersionDate "2010.11.25"]
[SourceQuality "1"]

1. d4 d5 2. c4 c6 3. Nf3 Nf6 4. e3 Bg4 5. Nc3 e6 6. Qb3 Qb6 7. c5 Qc7 8. Bd3 Nbd7 9. Qc2 Be7 10. 0-0 Bxf3 11. gxf3 e5 12. Ne2 g6 13. b4 exd4 14. exd4 Nf8 15. Bf4 Qc8 16. b5 Ne6 17. bxc6 bxc6 18. Rab1 Nh5 19. Be3 Bg5 20. Qa4 Nef4 21. Bxf4 Nxf4 22. Nxf4 Bxf4 23. Kg2 0-0 24. Rfe1 Qd7 25. Rb2 Rfe8 26. Reb1 Qe7 27. h3 Qg5+ 28. Kh1 Bc7 29. Qd1 Qf4 30. Qg1 Qxf3+ 0-1

[Event "GRE-ch U14"]
[Site "Kallithea"]
[Date "2008.06.29"]
[Round "2"]
[White "Koutroukis, Andreas"]
[Black "Kafetzis, Georgios"]
[Result "1/2-1/2"]
[WhiteElo "1764"]
[BlackElo "1902"]
[PlyCount "62"]
[EventDate "2008.06.28"]
[EventType "swiss"]
[EventRounds "9"]
[EventCountry "GRE"]
[SourceTitle "EXT 2010"]
[Source "ChessBase"]
[SourceDate "2010.11.25"]
[SourceVersion "1"]
[SourceVersionDate "2010.11.25"]
[SourceQuality "1"]

1. d4 Nf6 2. c4 g6 3. Nc3 Bg7 4. e4 d6 5. Nf3 0-0 6. Be2 e5 7. 0-0 Nc6 8. d5 Ne7 9. Ne1 Nd7 10. Be3 f5 11. f3 f4 12. Bf2 g5 13. Rc1 Ng6 14. c5 Nf6 15. cxd6 cxd6 16. Nb5 Rf7 17. Nxa7 g4 18. Qb3 g3 19. Bb6 Qf8 20. Nxc8 gxh2+ 21. Kxh2 Rxc8 22. Nd3 Rxc1 23. Rxc1 Nh5 24. Nf2 Qe7 25. Nh3 Qh4 26. Bf2 Ng3 27. Qc4 Bf8 28. Qc8 Qh6 29. Bb5 Nh4 30. Rc7 Rf6 31. Bd7 Qg6 1/2-1/2